|
|
|
|
| LEADER |
00000nab a2200000 a 4500 |
| 001 |
vtls008888613 |
| 003 |
SK-MaSNL |
| 005 |
20260304235459.0 |
| 008 |
131021c2006 xo mr|p|||||||000 b|slo |
| 015 |
|
|
|a SNBRB2006/12
|2 snkbucl
|
| 038 |
|
|
|a SNKBUCL
|
| 040 |
|
|
|a SNKBUCL
|b slo
|c SNKBUCL
|e AACR2
|
| 041 |
0 |
|
|a slo
|
| 044 |
|
|
|a xo
|c SK
|
| 080 |
|
|
|a 821.162.4-1
|2 1997
|
| 100 |
1 |
|
|a Lukáčová, Ingrid,
|d 1969-
|4 aut
|9 99898
|
| 245 |
1 |
0 |
|a Milovanie s ozvenou
|c Ingrid Lukáčová
|
| 500 |
|
|
|a Blok obsahuje 4 básne
|
| 650 |
0 |
7 |
|a lyrické básne, slovenské
|2 snkbucl
|9 28980
|
| 740 |
0 |
2 |
|a Rezonancia
|
| 740 |
0 |
2 |
|a Si a ja
|
| 740 |
0 |
2 |
|a Zhavranené deti
|
| 740 |
0 |
2 |
|a Vzťah
|
| 773 |
0 |
|
|t Slovenské pohľady
|g Roč. IV.+122., č. 11 (2006), s. 72-76
|x 1335-7786
|
| 852 |
|
|
|a SNK
|b KIS3GCP
|
| 958 |
|
|
|a LX
|
| 958 |
|
|
|a SK
|
| 999 |
|
|
|c 3209038
|d 3210968
|